|
|
|
|
| LEADER |
01332nam a2200253 a 4500 |
| 001 |
GR-MES17331 |
| 008 |
150708s2015 gr gz 000 0 gre d |
| 040 |
|
|
|a GrPaTEI
|b gre
|c GR-PaULI
|
| 040 |
|
|
|a GrPaTEI
|b gre
|c GR-PaULI
|
| 100 |
1 |
|
|a Τσιριγώτης, Δημήτριος
|
| 245 |
1 |
0 |
|a Οινοποιητική δραστηριότητα της ένωσης αγροτικών συνεταιρισμών Ζακύνθου /
|c Σπουδαστής: Δημήτριος Τσιριγώτης ; Επιβλέπων: Δημήτριος Ντόβας.
|
| 260 |
|
|
|a Mεσολόγγι :
|b ΤΕΙ Δυτικής Ελλάδας,
|c 2015
|
| 300 |
|
|
|a 61 σ. :
|b εικ.,σχημ.,πιν.
|
| 504 |
|
|
|a Βιβλιογραφία: σ.56
|
| 650 |
|
4 |
|a Αμπελουργεία
|
| 650 |
|
4 |
|a Οίνοι και οινοποιία
|z Ζάκυνθος
|
| 650 |
|
4 |
|a Πτυχιακή εργασία
|y 2014
|
| 700 |
1 |
|
|a Ντόβας, Δημήτριος
|
| 710 |
0 |
|
|a ΤΕΙ Δυτικής Ελλάδας
|
| 856 |
4 |
0 |
|u https://nereus.library.upatras.gr/formermes//ptyxiakes/sdo/sdo_de/2011-2015/674pe.pdf
|
| 942 |
|
|
|2 ddc
|
| 952 |
|
|
|0 0
|1 0
|2 ddc
|4 0
|7 0
|9 275417
|a MSLG
|b MSLG
|c BSC
|d 2021-01-17
|e 24
|f 0
|g 0.00
|l 0
|p 24200674
|r 2021-01-17 00:00:00
|t 1
|v 2021.00
|w 2021-01-17
|y BK15
|x 20150708 0 K.G. 0
|x GrPaTEI
|
| 971 |
|
|
|a .b25833807
|b 16-04-20
|c 13-09-16
|
| 999 |
|
|
|c 159601
|d 159601
|